000 00486nam a2200145Ia 4500
008 090124s9999 xx 000 0 und d
082 _b300068
245 _a ज्ञानेशांची अमृतवाणी
250 _a3
260 _bशेणोलीकर ह. श्री.
_c1960
300 _a176
630 _a ज्ञानेशांची अमृतवाणी
730 _a ज्ञानेशांची अमृतवाणी
942 _cBOOK
999 _c189624
_d189624